000 00511nam a2200169 i 4500
001 55711
003 ES-MaACL
005 20230906163213.0
007 t|
008 030925s1971 sp ||||1| spa d
100 1 _aDeutscher, Isaac.
_943984
245 1 3 _aEl juicio no sionista y otros ensayos /
_cIsaac Deutscher ; [traducción de Nati Martín Moró].
260 _a[Madrid] :
_bAyuso,
_c[1971]
300 _a212 p. ;
_c19 cm.
700 1 _aMartín Moro, Nati.
_977581
852 _aES-MaACL
_jC-45300
_bR.77739
999 _c55711
_d55711